Central Library and Information Centre
Sibsagar Girls' College, Sivasagar : Assam

WHITMAN`S PRESENCE : BODY , VOICE AND WRITINGS IN LEAVES OF GRASS (Record no. 13110)

MARC details
000 -LEADER
fixed length control field 00520cam a2200193ua 4500
008 - FIXED-LENGTH DATA ELEMENTS--GENERAL INFORMATION
fixed length control field 160701n II |||gr||||Z||||||eng
020 ## - INTERNATIONAL STANDARD BOOK NUMBER
International Standard Book Number 0-8147-5779-0
040 ## - CATALOGING SOURCE
Original cataloging agency MAIN
041 ## - LANGUAGE CODE
-- English
082 ## - DEWEY DECIMAL CLASSIFICATION NUMBER
Classification number 820 NAT
100 ## - MAIN ENTRY--PERSONAL NAME
Personal name NATHANSON , TENNEY .
245 ## - TITLE STATEMENT
Title WHITMAN`S PRESENCE : BODY , VOICE AND WRITINGS IN LEAVES OF GRASS
250 ## - EDITION STATEMENT
Edition statement 2ND.
260 ## - PUBLICATION, DISTRIBUTION, ETC.
Place of publication, distribution, etc. LONDON:
Name of publisher, distributor, etc. NEW WORK UNIVERSITY PRESS.,
Date of publication, distribution, etc. 1992.
300 ## - PHYSICAL DESCRIPTION
Extent 532:
Dimensions 22CM.
942 ## - ADDED ENTRY ELEMENTS (KOHA)
Koha item type Books
653 ## - INDEX TERM--UNCONTROLLED
Uncontrolled term English.& Old English literatures
Holdings
Withdrawn status Lost status Damaged status Not for loan Collection code Home library Current library Shelving location Date acquired Full call number Barcode Date last seen Copy number Price effective from Koha item type Public note
        REFENG Central Library and Information Centre Sibsagar Girls College Central Library and Information Centre Sibsagar Girls College ENGLISH BOOK RACK 08.04.2007 820 NAT 22048 27.02.2020 1 27.02.2020 Books V


Sibsagar Girl's College © 2020. All rights reserved.
Powered by Koha.
Maintained by Abhijit Borpuzari.